Pixar Cars Mattel Diecast Desert Series - Statistics

General Stats
  • This quiz has been taken 31 times
  • The average score is 15 of 26
Answer Stats
Picture Answer % Correct
Lightning McQueen
100%
Doc Hudson
80%
Mater
80%
Sally
80%
Dinoco McQueen
75%
Chick Hicks
70%
Guido
70%
Luigi
70%
Fillmore
65%
Red
65%
Sarge
65%
Sheriff
65%
King
60%
DJ
55%
Flo
55%
Lizzie
55%
Ramone
55%
Wingo
55%
Boost
50%
Snot Rod
50%
Ramone
45%
Tractor
45%
Dirt Track McQueen
30%
Leakless
30%
Nitroade
15%
Rollin' Bowlin' Mater
15%
No matching quizzes found
Score Distribution
Percent of People with Each Score
Percentile by Number Answered
Your Score History
You have not taken this quiz